=LDR 00000nam 2200000 4500 =001 INLIS000000000033394 =005 20250424034913 =035 ##$$a 0010-061300000033394 =008 250424###########################0###### =041 ##$$a Ind =082 ##$$a 028.5 =090 ##$$a 028.5, Mah g =245 1#$$a Guri's ink saved the day /$c Maharani =260 ##$$a Jakarta :$b Zikrul Kids,$c 2008 =300 ##$$a 48 hlm : $b ilus ; $c 22 x 19 cm =850 ##$$a NBPNMAT =020 ##$$a 978-979-26-2355-0 =084 ##$$a 028.5 MAH g =100 #$$a Maharani =990 ##$$a 0001/BPAP-NTB/20142014